| 000 | 00350nam a22001457a 4500 | ||
|---|---|---|---|
| 003 | OSt | ||
| 005 | 20260328145724.0 | ||
| 008 | 260328b |||||||| |||| 00| 0 eng d | ||
| 040 | _cIIMT UNIVERSITY | ||
| 100 | _aWren & Martin | ||
| 245 | _a English for Competitive Examinations | ||
| 260 |
_aS CHAND _bDELHI _c2026 |
||
| 300 | _a556 | ||
| 942 |
_2ddc _c02 |
||
| 999 |
_c67723 _d67723 |
||